Concelhos de Faro - Statistics

Estatísticas Gerais
  • Esse quiz foi jogado 152 vezes
  • A pontuação média é 13 de 16
Estatísticas das Respostas
Resposta % Correto
Portimão
96%
Tavira
94%
Albufeira
93%
Faro
93%
Olhão
89%
Lagos
88%
Vila Real de Santo António
88%
Silves
86%
Loulé
85%
Lagoa
79%
Monchique
79%
Vila do Bispo
78%
Aljezur
71%
Alcoutim
69%
Castro Marim
68%
São Brás de Alportel
68%
Nenhum quiz correspondente encontrado
Distribuição das Pontuações
Porcentagem de Pessoas com Cada Pontuação
Percentil de Números Respondidos
Sua Pontuação Histórica
Você não jogou esse quiz